| 000 | 00971nam a2200277 a 4500 | ||
|---|---|---|---|
| 008 | |||
| 020 | _a0070369836 (pbk.) | ||
| 049 | _aMAIN | ||
| 090 |
_aQA76 _bLED |
||
| 100 | 1 | _aLedgard, Henry F. | |
| 245 | 1 | 0 |
_aFrom Baker Street to binary : _ban introduction to computers and computer programming / _cHenry Ledgard, E. Patrick McQuaid, Andrew Singer. |
| 260 |
_aNew York : _bMcGraw-Hill, _c1983. |
||
| 300 |
_ax, 277 p. : _bill. ; _c23 cm. |
||
| 500 | _aCover title: From Baker Street to binary : an introduction to computers and computer programming with Sherlock Holmes. | ||
| 504 | _aIncludes bibliographical references. | ||
| 500 | _aIncludes index. | ||
| 650 | 0 | _aComputers. | |
| 650 | 0 | _aComputer programming. | |
| 700 | 1 | _aMcQuaid, E. Patrick. | |
| 700 | 1 | _aSinger, Andrew. | |
| 907 |
_a.b10044346 _b21-03-12 _c17-04-03 |
||
| 003 | |||
| 005 | 20230123133213.0 | ||
| 040 | _cNUST | ||
| 942 |
_cBOOKS _kQA76 _mLED |
||
| 999 |
_c144541 _d144541 |
||